Insect pests of cotton / (Record no. 1141)
[ view plain ]
| 000 -LEADER | |
|---|---|
| fixed length control field | 01085nam a22002657a 4500 |
| 005 - DATE AND TIME OF LATEST TRANSACTION | |
| control field | 20240503074045.0 |
| 008 - FIXED-LENGTH DATA ELEMENTS--GENERAL INFORMATION | |
| fixed length control field | 240503b |||||||| |||| 00| 0 eng d |
| 020 ## - INTERNATIONAL STANDARD BOOK NUMBER | |
| International Standard Book Number | 0851987249 |
| 040 ## - CATALOGING SOURCE | |
| Original cataloging agency | Uk |
| Transcribing agency | KMU |
| Modifying agency | KMU |
| Description conventions | rda |
| 050 04 - LIBRARY OF CONGRESS CALL NUMBER | |
| Classification number | SB 608.C8 |
| 245 00 - TITLE STATEMENT | |
| Title | Insect pests of cotton / |
| Statement of responsibility, etc. | edited by G.A. Matthews and J.P. Tunstall. |
| 260 ## - PUBLICATION, DISTRIBUTION, ETC. | |
| Place of publication, distribution, etc. | Wallingford : |
| Name of publisher, distributor, etc. | CAB International, |
| Date of publication, distribution, etc. | c1994. |
| 300 ## - PHYSICAL DESCRIPTION | |
| Extent | xii, 593 p., 8 p. of plates : |
| Other physical details | ill. (some col.) ; |
| Dimensions | 25 cm. |
| 504 ## - BIBLIOGRAPHY, ETC. NOTE | |
| Bibliography, etc. note | Includes bibliographical references and index. |
| 650 #0 - SUBJECT ADDED ENTRY--TOPICAL TERM | |
| Topical term or geographic name entry element | Cotton |
| General subdivision | Diseases and pests |
| -- | Control. |
| 653 0# - INDEX TERM--UNCONTROLLED | |
| Uncontrolled term | Crops |
| -- | Pests |
| 700 1# - ADDED ENTRY--PERSONAL NAME | |
| Personal name | Matthews, G. A. |
| 700 1# - ADDED ENTRY--PERSONAL NAME | |
| Personal name | Tunstall, J. P. |
| 710 2# - ADDED ENTRY--CORPORATE NAME | |
| Corporate name or jurisdiction name as entry element | C.A.B. International. |
| 856 42 - ELECTRONIC LOCATION AND ACCESS | |
| Materials specified | Publisher description |
| Uniform Resource Identifier | <a href="http://www.loc.gov/catdir/enhancements/fy0605/93171734-d.html">http://www.loc.gov/catdir/enhancements/fy0605/93171734-d.html</a> |
| 856 41 - ELECTRONIC LOCATION AND ACCESS | |
| Materials specified | Table of contents only |
| Uniform Resource Identifier | <a href="http://www.loc.gov/catdir/enhancements/fy0605/93171734-t.html">http://www.loc.gov/catdir/enhancements/fy0605/93171734-t.html</a> |
| 906 ## - LOCAL DATA ELEMENT F, LDF (RLIN) | |
| a | 7 |
| b | cbc |
| c | copycat |
| d | 3 |
| e | ncip |
| f | 19 |
| g | y-gencatlg |
| 942 ## - ADDED ENTRY ELEMENTS (KOHA) | |
| Source of classification or shelving scheme | Library of Congress Classification |
| Koha item type | Non-Fiction |
| Suppress in OPAC | No |
| Withdrawn status | Lost status | Source of classification or shelving scheme | Damaged status | Not for loan | Collection | Home library | Current library | Shelving location | Date acquired | Source of acquisition | Total Checkouts | Full call number | Barcode | Date last seen | Price effective from | Koha item type |
|---|---|---|---|---|---|---|---|---|---|---|---|---|---|---|---|---|
| Library of Congress Classification | Non-fiction | Kapasa Makasa University | Kapasa Makasa University | Open Access | 03.05.2024 | CBU | SB 608.C8 Ins | 734364 | 03.05.2024 | 03.05.2024 | Non-Fiction |